Normal view
MARC view
- روايات عربية
Entry Topical Term
001 - CONTROL NUMBER
- control field: 48377
003 - CONTROL NUMBER IDENTIFIER
- control field: JO-AjAnu
005 - DATE AND TIME OF LATEST TRANSACTION
- control field: 20230606081959.0
008 - FIXED-LENGTH DATA ELEMENTS
- fixed length control field: 230606|| aca||aabn | a|a d
040 ## - CATALOGING SOURCE
- Original cataloging agency: JO-AjAnu
- Transcribing agency: JO-AjAnu
150 ## - HEADING--TOPICAL TERM
- Topical term or geographic name entry element: روايات عربية
670 ## - SOURCE DATA FOUND
- Source citation: Work cat.: (JO-AjAnu)24749: تأليف أبو الشعر،عقيل ؛ ترجمة وتحقيق وائل غصاب ربضي ؛ قراءة وتقديم هند أبو الشعر, author 48376, الإنتقام: رواية عن يوميات مهاجر فرنسي إلى الدومنيكان